<?xml version="1.0" encoding="UTF-8"?><?xml-stylesheet type="text/xsl" href="static/style.xsl"?><OAI-PMH xmlns="http://www.openarchives.org/OAI/2.0/" xmlns:xsi="http://www.w3.org/2001/XMLSchema-instance" xsi:schemaLocation="http://www.openarchives.org/OAI/2.0/ http://www.openarchives.org/OAI/2.0/OAI-PMH.xsd"><responseDate>2026-06-02T14:39:58Z</responseDate><request verb="GetRecord" identifier="oai:riuma.uma.es:10630/36409" metadataPrefix="marc">https://riuma.uma.es/rest/oai/request</request><GetRecord><record><header><identifier>oai:riuma.uma.es:10630/36409</identifier><datestamp>2026-02-03T10:51:34Z</datestamp><setSpec>com_10630_2254</setSpec><setSpec>col_10630_37953</setSpec></header><metadata><record xmlns="http://www.loc.gov/MARC21/slim" xmlns:dcterms="http://purl.org/dc/terms/" xmlns:doc="http://www.lyncode.com/xoai" xmlns:xsi="http://www.w3.org/2001/XMLSchema-instance" xsi:schemaLocation="http://www.loc.gov/MARC21/slim http://www.loc.gov/standards/marcxml/schema/MARC21slim.xsd">
   <leader>00925njm 22002777a 4500</leader>
   <datafield ind2=" " ind1=" " tag="042">
      <subfield code="a">dc</subfield>
   </datafield>
   <datafield ind2=" " ind1=" " tag="720">
      <subfield code="a">Salinas-de-Frías, Ana María</subfield>
      <subfield code="e">author</subfield>
   </datafield>
   <datafield ind2=" " ind1=" " tag="260">
      <subfield code="c">2023-09-19</subfield>
   </datafield>
   <datafield ind2=" " ind1=" " tag="520">
      <subfield code="a">La agresión de la Federación Rusa contra Ucrania constituye el último eslabón de una cadena de graves incumplimientos por parte de Rusia de sus obligaciones para con el Consejo de Europa, y ha culminado con la aplicación del expediente técnico más&#xd;
grave y contundente previsto en su Estatuto, la expulsión, pese a que la indefinición de las disposiciones aplicables, la falta de práctica previa y la actitud de Rusia hayan oscurecido la comprensión del proceso que ha conducido a ella. La situación de Rusia respecto de los tratados internacionales del Consejo de Europa con los que se había comprometido varía, aunque en general la posición de la organización tiende claramente a excluirla de ellos. Sin duda la consecuencia más relevante es la denuncia de Rusia del CEDH y la impunidad en la que quedarán los hechos que no puedan incluirse en el periodo adicional de seis meses previsto en el CEDH, además de las dificultades en el desarrollo de dichos contenciosos y la ejecución, en su caso, de las sentencias condenatorias que dicte el TEDH. Nuevos retos plantean también tanto el cumplimiento de sus obligaciones financieras por parte de Rusia, como la situación de los funcionarios de nacionalidad rusa.</subfield>
   </datafield>
   <datafield ind1="8" ind2=" " tag="024">
      <subfield code="a">Salinas de Frías, A. (2022). Los efectos jurídicos derivados de la pérdida de la condición de estado miembro del Consejo de Europa por la Federación Rusa. Revista Española De Derecho Internacional, 74(2), 105–128.. http://dx.doi.org/10.17103/redi.74.2.2022.1a.04</subfield>
   </datafield>
   <datafield ind1="8" ind2=" " tag="024">
      <subfield code="a">https://hdl.handle.net/10630/36409</subfield>
   </datafield>
   <datafield ind1="8" ind2=" " tag="024">
      <subfield code="a">10.17103/redi.74.2.2022.1a.04</subfield>
   </datafield>
   <datafield tag="653" ind2=" " ind1=" ">
      <subfield code="a">Diplomacia</subfield>
   </datafield>
   <datafield tag="653" ind2=" " ind1=" ">
      <subfield code="a">Relaciones internacionales</subfield>
   </datafield>
   <datafield tag="653" ind2=" " ind1=" ">
      <subfield code="a">Unión Europea - Relaciones - Rusia - Tratados</subfield>
   </datafield>
   <datafield ind2="0" ind1="0" tag="245">
      <subfield code="a">Los efectos jurídicos derivados de la pérdida de la condición de estado miembro del Consejo de Europa por la Federación Rusa</subfield>
   </datafield>
</record>
</metadata></record></GetRecord></OAI-PMH>